000 01020nam a2200217Ia 4500
003 OSt
005 20260625102357.0
008 210210b1999 xxu||||| |||| 00| 0 eng d
040 _cAL
041 _aSanskrit
082 _aS891.8 JOSA
100 _aJOSHI (M N).
_dजोशी (एम्. एन्.)
_9265967
245 _aAyurvedopadeshsangrah: principles of ayurveda a collection.
_bआयुर्वेदोपदेशसंग्रहः
260 _aDharwad
_bRoopa Publications
_c1999
300 _axxii,300
520 _a"This book is often used as a helpful reference to understand the principles, medicinal uses, and dietary and lifestyle rules of Ayurvedic treatises (such as the Charaka Samhita), as well as for research work. It provides a collection of practical and theoretical knowledge for students of Ayurveda, practitioners, and anyone interested in traditional medicine."
650 _aAyurveda
_9265968
690 _aSanskrit Miscellaneous
_9265969
906 _a059749
942 _2ddc
_cBK
999 _c106712
_d106712